| 000 | 00972nas a2200325 4500 | ||
|---|---|---|---|
| 001 | BR2011004255 | ||
| 003 | BR-BrBNA | ||
| 005 | 20231205115046.0 | ||
| 007 | ta | ||
| 008 | 230509b bl.|||p| |||| 00| 00por d | ||
| 040 |
_aBR-BrBNA _bpor _cBiblioteca Nacional de Agricultura |
||
| 041 | _a(Pt) | ||
| 072 | _aL70 | ||
| 100 | 1 | _aZanusso-Junior, G. | |
| 100 | 1 | _aMelo, J.O. | |
| 100 | 1 | _aRomero, A.L. | |
| 100 | 1 | _aDantas, J.A. | |
| 100 | 1 | _aCaparroz-Assef, S.M. | |
| 100 | 1 | _aBersani-Amado, C.A. | |
| 100 | 1 | _aCuman, R.K.N. | |
| 245 | 1 | _aAvaliação da atividade antiinflamatória do coentro (Coriandrum sativum L.)em roedores | |
| 650 | _aROEDRO | ||
| 650 | _aCOENTRO | ||
| 650 | _aPLANTA MEDICINAL | ||
| 650 | _aINFLAMAÇÃO | ||
| 650 | _aMEDICAMENTO | ||
| 773 | 0 |
_tRevista Brasileira de Plantas Medicinais (Brazil) _xISSN 1516-0572 _g(Feb 2011), v. 13(1) p. 17-23 _wBR2011004255 |
|
| 909 |
_a202311 _bLúcia _c55 _dLúcia Elande |
||
| 942 |
_2AGRIS _n0 _cANA |
||
| 999 |
_c211878 _d211878 |
||